|
|
|
|
| LEADER |
00771nam a22002172a 4500 |
| 001 |
001298916 |
| 003 |
CZ BrMZK |
| 005 |
20130613131012.0 |
| 007 |
ta |
| 008 |
130604s1971 xo er|||||||||||slo d |
| 040 |
|
|
|a BOA001
|b cze
|
| 100 |
1 |
|
|a Chmelárová, Mária
|7 jx20060228025
|4 aut
|
| 245 |
1 |
0 |
|a Zborník dokumentov k 50. výročiu vzniku KSČ /
|c Mária Chmelárová a Štefan Pažur ; zodpovedný redaktor Tomáš Považan
|
| 250 |
|
|
|a 1. vyd.
|
| 260 |
|
|
|a Košice :
|b Východoslovenské vydavateľstvo,
|c 1971
|
| 300 |
|
|
|a 270 s.
|
| 700 |
1 |
|
|a Pažur, Štefan,
|d 1933-2003
|7 mzk2006336997
|4 aut
|
| 910 |
|
|
|a BOA001
|b 2-0672.529
|
| 990 |
|
|
|a BK
|
| 991 |
|
|
|b 201306
|
| 996 |
7 |
|
|b 2619689722
|c 2-0672.529
|l Sklad H1
|r Sklad / do 24 hodin
|n 0
|h HS212
|w 001333602
|u 000010
|a 1
|e BOA001
|j MZK50
|s A
|